[Event "1st WMSG Rapid Pair"]
[Site "Beijing CHN"]
[Date "2008.10.11"]
[Round "9"]
[White "Markos, J."]
[Black "Aveskulov, V."]
[Result "1-0"]
[WhiteElo "2557"]
[BlackElo "2544"]
[PlyCount "117"]
[EventDate "2008.10.09"]
[SourceDate "1999.07.01"]

1. d4 Nf6 2. c4 e6 3. Nc3 Bb4 4. Qc2 d5 5. cxd5 Qxd5 6. e3 c5 7. Bd2 Bxc3 8.
Bxc3 cxd4 9. Bxd4 Nc6 10. Bxf6 gxf6 11. Ne2 Bd7 12. a3 Qe5 13. Nc3 Nd4 14. Qd1
Nf5 15. Be2 Nh4 16. O-O Bc6 17. e4 Rd8 18. Qe1 Rg8 19. g3 Ng6 20. Bf3 Nf4 21.
Kh1 Rd3 22. Bd1 f5 23. gxf4 Qxf4 24. f3 Re3 25. Qf2 fxe4 26. Nxe4 Bxe4 27. fxe4
Qxf2 28. Ba4+ Ke7 29. Rxf2 Rxe4 30. Bc2 Rh4 31. Raf1 Rg7 32. Bb3 Rd4 33. Rg1
Rg6 34. Bc2 Rxg1+ 35. Kxg1 f5 36. Kf1 b5 37. Ke2 a5 38. Rf3 Rh4 39. h3 b4 40.
axb4 axb4 41. Ke3 Kf6 42. Bd3 h6 43. b3 Ke5 44. Bc4 Kf6 45. Kf2 e5 46. Rd3 e4
47. Kg3 Kg5 48. Rd5 Rf4 49. Be2 e3 50. Re5 Rd4 51. Kf3 Kf6 52. Rxe3 Rh4 53. Kf2
Rf4+ 54. Rf3 Rd4 55. Ke3 Re4+ 56. Kf2 Rd4 57. Rd3 Rf4+ 58. Bf3 Ke5 59. Kg3 1-0

[Event "1st WMSG Blitz Team"]
[Site "Beijing CHN"]
[Date "2008.10.13"]
[Round "7"]
[White "Shabalov, A."]
[Black "Stefansson, H."]
[Result "1-0"]
[WhiteElo "2585"]
[BlackElo "2575"]
[PlyCount "52"]
[EventDate "2008.10.13"]
[SourceDate "1999.07.01"]

1. d4 Nf6 2. c4 e6 3. Nc3 Bb4 4. Qc2 d5 5. cxd5 exd5 6. Bg5 c5 7. dxc5 h6 8.
Bh4 g5 9. Bg3 Ne4 10. e3 Qa5 11. Nge2 Bf5 12. Be5 O-O 13. Nd4 Nxc3 14. Nxf5
Ne4+ 15. Kd1 Nc6 16. Bd4 Nxd4 17. exd4 Rfe8 18. Bd3 Rac8 19. f3 Bxc5 20. fxe4
dxe4 21. Bc4 Bf8 22. Rf1 Qb4 23. Rc1 e3 24. Ke2 Rxc4 25. Qxc4 Qd2+ 26. Kf3 e2
1-0

[Event "1st WMSG Blitz Team"]
[Site "Beijing CHN"]
[Date "2008.10.13"]
[Round "8"]
[White "Erdos, V."]
[Black "Aveskulov, V."]
[Result "1/2-1/2"]
[WhiteElo "2577"]
[BlackElo "2544"]
[PlyCount "117"]
[EventDate "2008.10.13"]
[SourceDate "1999.07.01"]

1. d4 Nf6 2. c4 e6 3. Nc3 Bb4 4. Qc2 d5 5. a3 Bxc3+ 6. Qxc3 Ne4 7. Qc2 c5 8.
dxc5 Nc6 9. e3 Qa5+ 10. Bd2 Qxc5 11. Rc1 O-O 12. Nf3 Nxd2 13. Qxd2 Rd8 14. cxd5
Qxd5 15. Qxd5 Rxd5 16. Bc4 Rd8 17. Ke2 Bd7 18. Bd3 Kf8 19. Rc3 Be8 20. Rhc1 Ne7
21. Be4 Bc6 22. Bxc6 Nxc6 23. Ng5 h6 24. Ne4 Ne7 25. Rc7 Rac8 26. Rxc8 Rxc8 27.
Rxc8+ Nxc8 28. Nc5 Nd6 29. f3 Ke7 30. e4 b6 31. Nd3 Nc4 32. a4 Kd6 33. f4 e5
34. g3 g6 35. b3 Na5 36. Nxe5 Nxb3 37. Nxf7+ Ke6 38. Nxh6 Nc5 39. g4 Nxe4 40.
f5+ Kf6 41. fxg6 Kxg6 42. Nf5 Nc3+ 43. Kf3 Nxa4 44. h4 Nc5 45. Kf4 Nd3+ 46. Ke4
Nf2+ 47. Kf3 Nd3 48. Ke4 Nf2+ 49. Kf3 Nd3 50. Ke4 Nc5+ 51. Kf4 a5 52. h5+ Kh7
53. g5 Ne6+ 54. Kg4 Nxg5 55. Kxg5 a4 56. Nd4 a3 57. Nb3 a2 58. Na1 Kh8 59. Kg6
1/2-1/2

[Event "1st WMSG Rapid Team"]
[Site "Beijing CHN"]
[Date "2008.10.15"]
[Round "6"]
[White "Shabalov, A."]
[Black "Almasi, Z."]
[Result "1-0"]
[WhiteElo "2585"]
[BlackElo "2663"]
[PlyCount "147"]
[EventDate "2008.10.14"]
[SourceDate "1999.07.01"]

1. d4 Nf6 2. c4 e6 3. Nc3 Bb4 4. Qc2 O-O 5. e4 d6 6. Bd3 e5 7. Nge2 exd4 8.
Nxd4 Nc6 9. Nxc6 bxc6 10. O-O Qe7 11. Na4 c5 12. a3 Ba5 13. Rb1 Rb8 14. Bg5 Qe5
15. Bh4 Nh5 16. f3 Nf4 17. Rfd1 Nxd3 18. Rxd3 f5 19. b4 fxe4 20. Rd5 Qe8 21.
Re1 Bb7 22. bxa5 Bxd5 23. cxd5 Qh5 24. Qxe4 Rfe8 25. Qc4 Rxe1+ 26. Bxe1 Qe5 27.
Kf2 Qd4+ 28. Qxd4 cxd4 29. Ke2 Rb3 30. Bd2 Kf7 31. Kd1 Rxa3 32. Nb2 d3 33. Nc4
Ra1+ 34. Bc1 Ra4 35. Ne3 Rxa5 36. Kd2 Ra2+ 37. Kxd3 a5 38. Nc2 Ra4 39. Bd2 Ke7
40. Bc3 g6 41. g3 Kd7 42. h4 Ra2 43. Bf6 a4 44. Kc3 Ke8 45. g4 Kd7 46. f4 Ke8
47. f5 gxf5 48. gxf5 Kf7 49. Bd8 a3 50. Bxc7 Rb2 51. Bxd6 Rb5 52. Bxa3 Rxd5 53.
Ne3 Rd8 54. Bc5 Ra8 55. Kd3 Ra1 56. Ke4 Rh1 57. Ng2 Rh2 58. Kf3 Kf6 59. Kg3 Rh1
60. Ne3 Ke5 61. Be7 Re1 62. Kf3 Rh1 63. Kg4 Rg1+ 64. Kh5 Re1 65. f6 Ke6 66. Ng4
Ra1 67. Nf2 Ra4 68. Nh3 h6 69. Nf2 Kf7 70. Ng4 Ra5+ 71. Kxh6 Ra4 72. Kg5 Ra5+
73. Kf4 Ra4+ 74. Kf5 1-0

[Event "17th CRO-chT 1a"]
[Site "Sibenik CRO"]
[Date "2008.09.27"]
[Round "1"]
[White "Jankovic, A."]
[Black "Kurajica, B."]
[Result "1/2-1/2"]
[WhiteElo "2532"]
[BlackElo "2540"]
[PlyCount "101"]
[EventDate "2008.09.27"]
[SourceDate "1999.07.01"]

1. d4 Nf6 2. c4 e6 3. Nc3 Bb4 4. Qc2 d6 5. e3 O-O 6. Bd3 c5 7. Nge2 Bxc3+ 8.
Qxc3 b6 9. b3 Bb7 10. Bb2 Nbd7 11. Rd1 Qe7 12. d5 Ne5 13. Bb1 b5 14. f4 Ned7
15. Ng3 bxc4 16. bxc4 Nb6 17. Ba1 Rfe8 18. O-O exd5 19. Nf5 Qe6 20. Qe1 Nxc4
21. Qh4 Nxe3 22. Nxg7 Qg4 23. Qxg4 Nfxg4 24. Nxe8 Rxe8 25. Rfe1 d4 26. Bxd4
cxd4 27. Rxd4 Bxg2 28. Bf5 Nf6 29. Rxe3 Rxe3 30. Kxg2 Re2+ 31. Kf3 Rxa2 32.
Rxd6 Kg7 33. h3 Ra4 34. Ke3 Ra5 35. Bd3 Ra4 36. Bf1 a5 37. Bg2 Rb4 38. Ra6 Rb3+
39. Kd4 Rb4+ 40. Ke3 a4 41. Bf3 Rb3+ 42. Kf2 a3 43. Kg2 Rb2+ 44. Kg3 Rb3 45.
Kg2 Rd3 46. Ra7 Nd7 47. Be2 Rd4 48. Kg3 Nc5 49. Rxa3 Ne4+ 50. Kf3 Nf6 51. h4
1/2-1/2

[Event "17th CRO-chT 1a"]
[Site "Sibenik CRO"]
[Date "2008.09.02"]
[Round "6"]
[White "Saric, A."]
[Black "Dizdar, G."]
[Result "0-1"]
[WhiteElo "2513"]
[BlackElo "2551"]
[PlyCount "84"]
[EventDate "2008.09.27"]
[SourceDate "1999.07.01"]

1. d4 Nf6 2. c4 e6 3. Nc3 Bb4 4. Qc2 O-O 5. Bg5 c5 6. e3 h6 7. Bh4 cxd4 8. exd4
Nc6 9. Rd1 Be7 10. Nf3 b6 11. d5 exd5 12. Bxf6 Bxf6 13. Nxd5 Nb4 14. Nxf6+ Qxf6
15. Qb3 Bb7 16. Be2 Rfe8 17. Rd2 Bxf3 18. Qxf3 Qxf3 19. gxf3 Nxa2 20. O-O Nb4
21. Rfd1 a5 22. Kf1 Ra7 23. Rxd7 Rxd7 24. Rxd7 Na6 25. Rd6 Rb8 26. Bd3 Kf8 27.
Bc2 Ke7 28. Rd3 Rd8 29. Re3+ Kf6 30. Ke2 Nc5 31. Ke1 Rd4 32. b3 Ne6 33. Be4 g6
34. Bd5 Nf4 35. Rc3 Nd3+ 36. Ke2 Nc5 37. Re3 b5 38. Re8 Nxb3 39. Rf8 bxc4 40.
Rxf7+ Ke5 41. Be4 c3 42. Rc7 Rxe4+ 0-1

[Event "17th CRO-chT 1a"]
[Site "Sibenik CRO"]
[Date "2008.09.05"]
[Round "9"]
[White "Gonda, L."]
[Black "Hracek, Z."]
[Result "1/2-1/2"]
[WhiteElo "2501"]
[BlackElo "2625"]
[PlyCount "65"]
[EventDate "2008.09.27"]
[SourceDate "1999.07.01"]

1. d4 Nf6 2. c4 e6 3. Nc3 Bb4 4. Qc2 O-O 5. a3 Bxc3+ 6. Qxc3 d6 7. Bg5 Nbd7 8.
e3 b6 9. Bd3 c5 10. Ne2 Ba6 11. Qd2 Rc8 12. b3 h6 13. Bh4 Ne4 14. Bxd8 Nxd2 15.
Kxd2 Rfxd8 16. Rhc1 Nf6 17. f3 d5 18. cxd5 Bxd3 19. Kxd3 Rxd5 20. e4 Rdd8 21.
Ke3 Nd7 22. dxc5 bxc5 23. Rc3 Rb8 24. Rd1 Kf8 25. Ng3 Ke7 26. Nf1 Rb7 27. Ke2
g5 28. g3 a5 29. a4 c4 30. Rxc4 Rxb3 31. Rc7 Ke8 32. Ra7 Ne5 33. Rxd8+ 1/2-1/2

[Event "17th CRO-chT 1b"]
[Site "Sibenik CRO"]
[Date "2008.09.02"]
[Round "6"]
[White "Kazhgaleyev, M."]
[Black "Gyimesi, Z."]
[Result "1-0"]
[WhiteElo "2641"]
[BlackElo "2586"]
[PlyCount "71"]
[EventDate "2008.09.27"]
[SourceDate "1999.07.01"]

1. d4 Nf6 2. c4 e6 3. Nc3 Bb4 4. Qc2 d5 5. a3 Bxc3+ 6. Qxc3 Ne4 7. Qc2 c5 8.
dxc5 Nc6 9. cxd5 exd5 10. e3 Qa5+ 11. b4 Nxb4 12. axb4 Qxa1 13. Bb5+ Kf8 14.
Ne2 a6 15. Bc4 Qf6 16. O-O dxc4 17. Qxe4 Qe7 18. Qxc4 Bd7 19. Nd4 h5 20. Qd5
Be6 21. Nxe6+ fxe6 22. Qe4 h4 23. h3 Kg8 24. Rd1 Rf8 25. Bb2 Qf7 26. f4 Rh5 27.
Be5 Rf5 28. Kh1 Qh5 29. Rd6 Qe2 30. Bc3 Rxf4 31. Qxe6+ R4f7 32. Rd5 Kh7 33. Rg5
Qc2 34. Bd4 Rf1+ 35. Kh2 R8f7 36. Qg4 1-0

[Event "Podillya It"]
[Site "Khmelnitsky UKR"]
[Date "2008.09.28"]
[Round "2"]
[White "Firman, N."]
[Black "Zakhartsov, Vi"]
[Result "1-0"]
[WhiteElo "2525"]
[BlackElo "2556"]
[PlyCount "127"]
[EventDate "2008.09.27"]
[SourceDate "1999.07.01"]

1. d4 Nf6 2. c4 e6 3. Nc3 Bb4 4. Qc2 O-O 5. Nf3 d6 6. Bg5 Nbd7 7. e3 h6 8. Bh4
b6 9. Nd2 Bb7 10. f3 c5 11. a3 Bxc3 12. bxc3 Qc7 13. Bd3 d5 14. Bg3 Qc6 15. Qb1
Rfe8 16. O-O cxd4 17. cxd4 e5 18. cxd5 Qxd5 19. Bc4 Qd6 20. Qa2 Rf8 21. Qb2 Qe7
22. Bxe5 Nxe5 23. dxe5 Nd7 24. f4 Rac8 25. Rac1 Nc5 26. Nb3 Nxb3 27. Qxb3 Rc5
28. Rcd1 Qc7 29. Rd4 b5 30. Bd3 Bc8 31. Rd1 Bg4 32. Rd2 Be6 33. Qb2 a6 34. Be4
Rc3 35. R4d3 Rc4 36. Bf3 Bf5 37. Rd4 Rc3 38. Kf2 Qc5 39. Qb4 Qc7 40. Qd6 Qa5
41. e4 Bc8 42. R4d3 Rxd3 43. Rxd3 Be6 44. f5 Bc4 45. Rd2 Re8 46. Qd7 Rf8 47.
Qd6 Re8 48. Qd7 Rf8 49. Rd6 Qxa3 50. Qe7 Qc5+ 51. Kg3 b4 52. f6 gxf6 53. exf6
Qg5+ 54. Kf2 Qc5+ 55. Kg3 Qg5+ 56. Kh3 Rc8 57. e5 Qe3 58. Qd7 Rf8 59. Qg4+ Qg5
60. Qxc4 h5 61. Qe4 a5 62. e6 fxe6 63. Qxe6+ Kh8 64. Rd5 1-0

[Event "3rd PGMA Cup"]
[Site "Manila PHI"]
[Date "2008.09.09"]
[Round "5"]
[White "Kazhgaleyev, M."]
[Black "Torre, E."]
[Result "0-1"]
[WhiteElo "2641"]
[BlackElo "2524"]
[PlyCount "146"]
[EventDate "2008.09.07"]
[SourceDate "1999.07.01"]

1. d4 Nf6 2. c4 e6 3. Nc3 Bb4 4. Qc2 O-O 5. e4 d6 6. a3 Bxc3+ 7. bxc3 e5 8. Bd3
c5 9. Ne2 Nc6 10. d5 Ne7 11. f3 Ne8 12. Bg5 f6 13. Bh4 Bd7 14. a4 g5 15. Bf2
Ng6 16. h4 h6 17. g3 Ng7 18. f4 g4 19. Be3 h5 20. f5 Ne7 21. Nc1 Kf7 22. a5 Qc7
23. Be2 Rg8 24. Nd3 b6 25. Qd1 bxa5 26. Nf2 Rab8 27. O-O a4 28. Ra2 Rb3 29. Qd2
Qa5 30. Bd1 Rb1 31. Nd3 Rgb8 32. Bxc5 Qa6 33. Bb4 Qxc4 34. Bxd6 R8b6 35. Bxe5
Qxe4 36. Bd4 Ngxf5 37. Nc5 Qxd5 38. Nxd7 Qxd7 39. Bxb6 Qxd2 40. Rxd2 axb6 41.
Kf2 b5 42. Be2 Rb3 43. Rc1 Ke6 44. Bd1 Ra3 45. Re2+ Kd6 46. Rb2 Kc5 47. Re2 Nd5
48. Re8 Nd6 49. Rh8 Ne4+ 50. Kg1 Nxg3 51. Rc8+ Kd6 52. c4 Nf4 53. Re8 Ra2 54.
Rc2 Rxc2 55. Bxc2 bxc4 56. Bxa4 Nf5 57. Re4 Nh3+ 58. Kh2 Kd5 59. Re8 Nxh4 60.
Rd8+ Ke5 61. Rc8 Nf3+ 62. Kg3 f5 63. Rc5+ Kf6 64. Rxc4 h4+ 65. Kg2 Kg5 66. Rc8
Nf4+ 67. Kf2 Ne5 68. Rg8+ Nfg6 69. Bc2 h3 70. Kg3 Nf3 71. Kf2 h2 72. Kg2 Ne1+
73. Kxh2 Nxc2 0-1

[Event "61st ch-RUS HL"]
[Site "Novokuznetsk RUS"]
[Date "2008.09.12"]
[Round "9"]
[White "Bocharov, D."]
[Black "Riazantsev, A."]
[Result "1/2-1/2"]
[WhiteElo "2582"]
[BlackElo "2617"]
[PlyCount "52"]
[EventDate "2008.09.03"]
[SourceDate "1999.07.01"]

1. d4 Nf6 2. c4 e6 3. Nc3 Bb4 4. Qc2 d5 5. a3 Bxc3+ 6. Qxc3 Ne4 7. Qc2 c5 8.
dxc5 Nc6 9. e3 Qa5+ 10. Bd2 Nxd2 11. Qxd2 dxc4 12. Bxc4 Qxc5 13. Rc1 Qe7 14.
Nf3 O-O 15. O-O Rd8 16. Qc3 Bd7 17. b4 a6 18. Bd3 Rac8 19. Qb2 Na7 20. h3 Bb5
21. Bxb5 Nxb5 22. Ne5 h6 23. a4 Nd6 24. Rfd1 Rxc1 25. Rxc1 Ne8 26. a5 Nc7
1/2-1/2

[Event "4th ch-EU"]
[Site "Liverpool ENG"]
[Date "2008.09.14"]
[Round "6"]
[White "Fridman, D2."]
[Black "Wells, P."]
[Result "1-0"]
[WhiteElo "2637"]
[BlackElo "2526"]
[PlyCount "47"]
[EventDate "2008.09.09"]
[SourceDate "1999.07.01"]

1. d4 Nf6 2. c4 e6 3. Nc3 Bb4 4. Qc2 O-O 5. e4 d5 6. e5 Ne4 7. Bd3 c5 8. Nge2
cxd4 9. Nxd4 Nd7 10. Bf4 Ndc5 11. O-O Bxc3 12. bxc3 Nxd3 13. Qxd3 b6 14. cxd5
Qxd5 15. Rfd1 Bb7 16. c4 Qd8 17. f3 Nc5 18. Qe3 Qh4 19. Nb5 f5 20. exf6 Qxf6
21. Bd6 Rfd8 22. Rd4 Bc6 23. Be5 Qf8 24. Bxg7 1-0

[Event "TCh-SRB 1st League"]
[Site "Subotica SRB"]
[Date "2008.09.12"]
[Round "11"]
[White "Bogosavljevic, B."]
[Black "Kovacevic, A."]
[Result "0-1"]
[WhiteElo "2533"]
[BlackElo "2585"]
[PlyCount "68"]
[EventDate "2008.09.01"]
[SourceDate "1999.07.01"]

1. d4 e6 2. c4 Nf6 3. Nc3 Bb4 4. Qc2 c5 5. dxc5 O-O 6. a3 Bxc5 7. Nf3 d5 8. e3
dxc4 9. Bxc4 a6 10. b4 Be7 11. Bb2 b5 12. Rd1 Nbd7 13. Bd3 Bb7 14. Ng5 h6 15.
h4 Qc8 16. Bh7+ Kh8 17. Qb1 Qc7 18. Nce4 Bd5 19. Nxf6 Nxf6 20. Bg6 Bxg2 21. Rc1
Qb7 22. Rh2 fxg6 23. Nxe6 Be4 24. Qa1 Rfc8 25. Rd1 Bf3 26. Rd2 Qe4 27. Nf4 Rd8
28. Bd4 Nh5 29. Nd3 Bd6 30. Ne5 Bxe5 31. Bxe5 Rxd2 32. Kxd2 Rc8 33. Qb2 Qc4 34.
Ke1 Qd3 0-1

[Event "61st ch-RUS HL"]
[Site "Novokuznetsk RUS"]
[Date "2008.09.07"]
[Round "5"]
[White "Lysyj, I."]
[Black "Kiriakov, P."]
[Result "1-0"]
[WhiteElo "2596"]
[BlackElo "2553"]
[PlyCount "81"]
[EventDate "2008.09.03"]
[SourceDate "1999.07.01"]

1. d4 e6 2. c4 Nf6 3. Nc3 Bb4 4. Qc2 O-O 5. a3 Bxc3+ 6. Qxc3 Qe8 7. Nf3 d6 8.
g3 b6 9. Bg2 Bb7 10. O-O a5 11. b3 Be4 12. Re1 Qc6 13. Bb2 Nbd7 14. Rac1 b5 15.
d5 Qb6 16. dxe6 fxe6 17. cxb5 Nc5 18. a4 Bd5 19. Nd2 Bxg2 20. Kxg2 Rf7 21. f3
Qb7 22. e4 Raf8 23. Ba3 Nfd7 24. Re3 Qa8 25. Rce1 g5 26. Nc4 g4 27. f4 e5 28.
Bb2 Ne6 29. Nxa5 Nf6 30. f5 Nxe4 31. Rxe4 Nc5 32. Nc6 Nxe4 33. Rxe4 Rxf5 34.
Qc4+ Kh8 35. Rf4 Qe8 36. Qe4 Rxf4 37. gxf4 Kg8 38. Qd5+ Kg7 39. fxe5 Qg6 40.
exd6+ Kh6 41. Bc1+ 1-0

[Event "TCh-ESP Hon Gp1"]
[Site "Cala Mayor ESP"]
[Date "2008.09.04"]
[Round "2"]
[White "Gomez Esteban, J."]
[Black "Salgado Lopez, I."]
[Result "1/2-1/2"]
[WhiteElo "2503"]
[BlackElo "2532"]
[PlyCount "104"]
[EventDate "2008.09.03"]
[SourceDate "1999.07.01"]

1. d4 Nf6 2. c4 e6 3. Nc3 Bb4 4. Qc2 d5 5. cxd5 Qxd5 6. e3 e5 7. Bd2 Bxc3 8.
Bxc3 exd4 9. Bxd4 Nc6 10. Bxf6 gxf6 11. Qc3 Bg4 12. f3 Be6 13. Rd1 Qe5 14. Qxe5
fxe5 15. a3 Ke7 16. Ne2 Rad8 17. Nc1 e4 18. fxe4 Ne5 19. Be2 Rxd1+ 20. Kxd1 Rg8
21. g3 Ng4 22. Nd3 Nxe3+ 23. Kc1 Rd8 24. Re1 Bc4 25. Nf4 Bxe2 26. Nxe2 Ng4 27.
Nf4 Nxh2 28. Rh1 Ng4 29. Nd5+ Kd6 30. Rxh7 c6 31. Nf4 Ne5 32. Kc2 Rg8 33. Rh3
Nf3 34. Kd3 Ke7 35. Ne2 Rd8+ 36. Kc3 Rd1 37. Rh8 Ng5 38. Rh4 Re1 39. Kd3 Rd1+
40. Kc3 Rf1 41. Nd4 Rg1 42. Nf5+ Kf6 43. Kd3 Ke5 44. Rg4 f6 45. Nh4 Rd1+ 46.
Kc2 Rd4 47. Ng6+ Ke6 48. Nf4+ Kd6 49. e5+ fxe5 50. Rxg5 exf4 51. gxf4 Rxf4 52.
Rg7 b6 1/2-1/2

[Event "TCh-ESP Hon Gp1"]
[Site "Cala Mayor ESP"]
[Date "2008.09.06"]
[Round "4"]
[White "Ponomariov, R."]
[Black "Moiseenko, A1."]
[Result "0-1"]
[WhiteElo "2718"]
[BlackElo "2632"]
[PlyCount "102"]
[EventDate "2008.09.03"]
[SourceDate "1999.07.01"]

1. d4 Nf6 2. c4 e6 3. Nc3 Bb4 4. Qc2 d5 5. cxd5 exd5 6. Bg5 c5 7. Nf3 h6 8.
Bxf6 Qxf6 9. a3 Bf5 10. Qa4+ Bd7 11. Qb3 Bxc3+ 12. Qxc3 O-O 13. Qxc5 Rc8 14.
Qxd5 Qb6 15. b4 a5 16. b5 Be6 17. Qe4 Qxb5 18. Qb1 Qxb1+ 19. Rxb1 Rc3 20. e4
Rxa3 21. d5 Bd7 22. Kd2 Ra2+ 23. Ke3 Ra3+ 24. Kd2 Ra2+ 25. Ke3 Ra3+ 26. Kd4
Ra4+ 27. Ke5 b5 28. Bxb5 Bxb5 29. Rxb5 Nd7+ 30. Kd6 Nf6 31. e5 Ne4+ 32. Ke7
Ra7+ 33. Ke8 Nc3 34. Rb8 Nxd5 35. Rd1 Rb4 36. Rxb4 Nxb4 37. Nd4 a4 38. f4 a3
39. f5 a2 40. Ra1 Ra8+ 41. Kd7 Ra5 42. Nc6 Rd5+ 43. Kc7 Rc5 44. e6 fxe6 45.
fxe6 Nxc6 46. Rxa2 Nb4+ 47. Kb6 Re5 48. Ra8+ Kh7 49. Re8 Kg6 50. Kc7 Kf6 51.
Rb8 Na6+ 0-1

[Event "2nd Open"]
[Site "Urumia IRI"]
[Date "2008.08.31"]
[Round "10"]
[White "Gagunashvili, M."]
[Black "Ibrahimov, R."]
[Result "1/2-1/2"]
[WhiteElo "2566"]
[BlackElo "2537"]
[PlyCount "26"]
[EventDate "2008.08.26"]
[SourceDate "1999.07.01"]

1. d4 Nf6 2. c4 e6 3. Nc3 Bb4 4. Qc2 O-O 5. a3 Bxc3+ 6. Qxc3 d6 7. Bg5 Nbd7 8.
Nf3 b6 9. e3 Ba6 10. Bd3 c5 11. O-O h6 12. Bh4 Rc8 13. Rac1 cxd4 1/2-1/2

[Event "Acropolis Open"]
[Site "Athens GRE"]
[Date "2008.08.16"]
[Round "8"]
[White "Kotanjian, T."]
[Black "Parligras, M."]
[Result "1/2-1/2"]
[WhiteElo "2578"]
[BlackElo "2588"]
[PlyCount "43"]
[EventDate "2008.08.09"]
[SourceDate "1999.07.01"]

1. d4 Nf6 2. c4 e6 3. Nc3 Bb4 4. Qc2 O-O 5. a3 Bxc3+ 6. Qxc3 b6 7. Bg5 Bb7 8.
e3 d6 9. Ne2 Nbd7 10. Qc2 h6 11. Bh4 e5 12. d5 b5 13. cxb5 Bxd5 14. Nc3 Bb7 15.
Bc4 a6 16. O-O axb5 17. Nxb5 d5 18. Ba2 Ba6 19. a4 Qb8 20. Qc6 Bb7 21. Qc2 Ba6
22. Qc6 1/2-1/2

[Event "17th Open"]
[Site "Kavala GRE"]
[Date "2008.08.06"]
[Round "8"]
[White "Kotanjian, T."]
[Black "Parligras, M."]
[Result "1/2-1/2"]
[WhiteElo "2578"]
[BlackElo "2588"]
[PlyCount "110"]
[EventDate "2008.07.31"]
[SourceDate "1999.07.01"]

1. d4 Nf6 2. c4 e6 3. Nc3 Bb4 4. Qc2 O-O 5. a3 Bxc3+ 6. Qxc3 b6 7. Bg5 Bb7 8.
f3 h6 9. Bh4 d5 10. e3 Nbd7 11. cxd5 Nxd5 12. Bxd8 Nxc3 13. Bh4 Nd5 14. Bf2 c5
15. e4 Ne7 16. Ne2 f5 17. exf5 Nxf5 18. dxc5 Nxc5 19. Nc3 Rfd8 20. Rd1 Rxd1+
21. Kxd1 Nb3 22. Bc4 Rd8+ 23. Ke1 Nbd4 24. Bxd4 Nxd4 25. Kf2 Kf7 26. Rd1 Kf6
27. Bd5 Nc6 28. Bxc6 Rxd1 29. Ne4+ Ke5 30. Bxb7 Rb1 31. b4 Ra1 32. b5 Rxa3 33.
Kg3 Rb3 34. Ba6 Rb2 35. h4 Rc2 36. h5 Rb2 37. Kh3 Kf4 38. Nd6 Rd2 39. Nf7 Rd1
40. Kh2 Rd5 41. g3+ Ke3 42. f4 Rxh5+ 43. Kg2 Rd5 44. Ne5 h5 45. Kh3 g5 46. Nc4+
Ke2 47. Bc8 gxf4 48. gxf4 Rd4 49. Bxe6 Rxf4 50. Ne5 Ra4 51. Nc6 Kd3 52. Bc8 Kc4
53. Ba6 Rxa6 54. bxa6 Kb5 55. Nxa7+ Kxa6 1/2-1/2

[Event "41st Festival MTO"]
[Site "Biel SUI"]
[Date "2008.07.25"]
[Round "5"]
[White "Bindrich, F."]
[Black "Ivanisevic, I."]
[Result "1/2-1/2"]
[WhiteElo "2516"]
[BlackElo "2664"]
[PlyCount "71"]
[EventDate "2008.07.21"]
[SourceDate "1999.07.01"]

1. d4 Nf6 2. c4 e6 3. Nc3 Bb4 4. Qc2 d5 5. cxd5 exd5 6. Bg5 h6 7. Bh4 g5 8. Bg3
Ne4 9. e3 h5 10. O-O-O Bxc3 11. bxc3 Qe7 12. f3 Nxg3 13. hxg3 Qxe3+ 14. Kb2 Nc6
15. Bd3 Qe7 16. g4 h4 17. Nh3 Be6 18. Bb5 a6 19. Bxc6+ bxc6 20. Qa4 Rb8+ 21.
Ka1 O-O 22. Qxc6 Bd7 23. Qh6 f6 24. Nf4 gxf4 25. Rxh4 Qg7 26. Qxf4 Be8 27. Rdh1
Bg6 28. Qh2 Rb7 29. f4 f5 30. Qh3 Qf6 31. g5 Qe6 32. Rh7 Re8 33. Rh8+ Kf7 34.
Qh7+ Bxh7 35. R1xh7+ Kg6 36. Rh6+ 1/2-1/2

[Event "Politiken Cup"]
[Site "Helsingor DEN"]
[Date "2008.07.25"]
[Round "8"]
[White "Cmilyte, V."]
[Black "Tiviakov, S."]
[Result "1-0"]
[WhiteElo "2508"]
[BlackElo "2645"]
[PlyCount "132"]
[EventDate "2008.07.19"]
[SourceDate "1999.07.01"]

1. d4 Nf6 2. c4 e6 3. Nc3 Bb4 4. Qc2 d5 5. cxd5 Qxd5 6. e3 c5 7. Bd2 Bxc3 8.
Bxc3 cxd4 9. Bxd4 Nc6 10. Bxf6 gxf6 11. Ne2 Bd7 12. a3 Ne7 13. Rd1 Qe5 14. Nd4
Qa5+ 15. Qd2 Qxd2+ 16. Rxd2 a6 17. Be2 Rc8 18. Bf3 Rc1+ 19. Rd1 Rc7 20. O-O Nc8
21. Rc1 Rxc1 22. Rxc1 Nd6 23. Be2 Ke7 24. f4 Re8 25. Bd3 h6 26. Rc5 Kf8 27. Rc7
Re7 28. Ne2 Ke8 29. Rc5 f5 30. h3 f6 31. Ng3 Rg7 32. Nh5 Rg6 33. g4 Bc6 34. Kf2
Be4 35. Be2 Kd7 36. Ng3 Rg8 37. b4 fxg4 38. hxg4 f5 39. gxf5 exf5 40. Bf1 Bb1
41. Bg2 Rc8 42. Rxc8 Kxc8 43. Bd5 Kd7 44. a4 Bc2 45. a5 Ba4 46. Bg2 Bc6 47. Bf1
Ke7 48. Bd3 Kf6 49. Kg1 Bb5 50. Bc2 Bd7 51. Bd3 Nc8 52. e4 fxe4 53. Nxe4+ Ke7
54. Nc5 Bc6 55. Kf2 Nd6 56. Kg3 Kf6 57. Kg4 Bd5 58. Nd7+ Kg7 59. Nc5 Kf6 60.
Nd7+ Ke7 61. Nc5 Bf7 62. Bf1 Bd5 63. Bd3 Kf7 64. Be2 Kf6 65. Bd3 Bc6 66. Bc2
Bd5 1-0

[Event "19th Czech Open Synthesia Rapid"]
[Site "Pardubice CZE"]
[Date "2008.07.17"]
[Round "4"]
[White "Gasanov, E."]
[Black "Babula, V."]
[Result "1/2-1/2"]
[WhiteElo "2523"]
[BlackElo "2597"]
[PlyCount "57"]
[EventDate "2008.07.16"]
[SourceDate "1999.07.01"]

1. d4 Nf6 2. c4 e6 3. Nc3 Bb4 4. Qc2 d5 5. a3 Bxc3+ 6. Qxc3 Ne4 7. Qc2 c5 8.
dxc5 Nc6 9. e3 Qa5+ 10. Bd2 Nxd2 11. Qxd2 dxc4 12. Qxa5 Nxa5 13. Rc1 b5 14.
cxb6 axb6 15. Bxc4 Bb7 16. Bb5+ Ke7 17. Nf3 Rac8 18. Ke2 Nb3 19. Rc3 Rxc3 20.
bxc3 Ra8 21. a4 Nc5 22. Rb1 Nxa4 23. Bxa4 Rxa4 24. Rxb6 Ra2+ 25. Ke1 Ra1+ 26.
Ke2 Ra2+ 27. Ke1 Ra1+ 28. Ke2 Ra2+ 29. Ke1 1/2-1/2

[Event "19th Czech Open Synthesia Rapid"]
[Site "Pardubice CZE"]
[Date "2008.07.17"]
[Round "8"]
[White "Gajewski, G."]
[Black "Babula, V."]
[Result "1-0"]
[WhiteElo "2575"]
[BlackElo "2597"]
[PlyCount "57"]
[EventDate "2008.07.16"]
[SourceDate "1999.07.01"]

1. d4 Nf6 2. c4 e6 3. Nc3 Bb4 4. Qc2 d5 5. a3 Bxc3+ 6. Qxc3 Ne4 7. Qc2 c5 8.
cxd5 exd5 9. dxc5 Nc6 10. e3 Bf5 11. Bd3 Qa5+ 12. b4 Nxb4 13. axb4 Qxa1 14. Ne2
Bg6 15. O-O Nf6 16. Bb5+ Ke7 17. Qb3 Qb1 18. Qc3 Rhd8 19. Nd4 Ne4 20. Qa3 Nf6
21. c6 bxc6 22. Bd2 Qe4 23. f3 Qh4 24. Bxc6 Kf8 25. Bxa8 Rxa8 26. b5+ Kg8 27.
b6 Nd7 28. b7 Re8 29. Rc1 1-0

[Event "19th Czech Open Synthesia Rapid"]
[Site "Pardubice CZE"]
[Date "2008.07.17"]
[Round "9"]
[White "Gasanov, E."]
[Black "Arutinian, D."]
[Result "1/2-1/2"]
[WhiteElo "2523"]
[BlackElo "2586"]
[PlyCount "67"]
[EventDate "2008.07.16"]
[SourceDate "1999.07.01"]

1. d4 Nf6 2. c4 e6 3. Nc3 Bb4 4. Qc2 O-O 5. a3 Bxc3+ 6. Qxc3 b6 7. Bg5 Bb7 8.
e3 d6 9. Ne2 Nbd7 10. Rd1 Ne4 11. Bxd8 Nxc3 12. Nxc3 Rfxd8 13. f3 Kf8 14. Kf2
Ke7 15. g4 h6 16. h4 a6 17. g5 hxg5 18. hxg5 Rh8 19. Be2 Rad8 20. e4 f6 21.
gxf6+ gxf6 22. Rdg1 Kf7 23. Ke3 Rdg8 24. b4 Rxg1 25. Rxg1 Rh5 26. a4 f5 27.
exf5 Rxf5 28. Ne4 Rh5 29. Bd3 Rh2 30. Ng5+ Ke7 31. Nh7 Kf7 32. Bg6+ Ke7 33. Bd3
Kf7 34. Ng5+ 1/2-1/2

[Event "7th Open"]
[Site "La Fere FRA"]
[Date "2008.07.07"]
[Round "4"]
[White "Sumets, A."]
[Black "Abbasov, F."]
[Result "1/2-1/2"]
[WhiteElo "2534"]
[BlackElo "2552"]
[PlyCount "144"]
[EventDate "2008.07.05"]
[SourceDate "1999.07.01"]

1. d4 Nf6 2. c4 e6 3. Nc3 Bb4 4. Qc2 d5 5. cxd5 exd5 6. Bg5 c5 7. dxc5 h6 8.
Bxf6 Qxf6 9. e3 Bf5 10. Bd3 Bxc3+ 11. bxc3 Bxd3 12. Qxd3 Qc6 13. Ne2 Na6 14.
Rd1 Rd8 15. Qd4 O-O 16. Nf4 Nxc5 17. Nxd5 Qb5 18. c4 Qa5+ 19. Qd2 Qa4 20. Rc1
b5 21. O-O Rfe8 22. Qb4 Qxb4 23. Nxb4 bxc4 24. Rxc4 Ne4 25. Rfc1 Rd2 26. R4c2
Rxc2 27. Rxc2 Rb8 28. Nd3 Rd8 29. Ne1 Rd1 30. Kf1 Ra1 31. f3 Nd6 32. Ke2 Nb5
33. Nd3 Na3 34. Rc8+ Kh7 35. Nc1 a5 36. h4 Rb1 37. g4 h5 38. gxh5 a4 39. Nd3
Rb5 40. Rc5 Rxc5 41. Nxc5 Kh6 42. Nxa4 Kxh5 43. Nb2 Kxh4 44. Kd3 g5 45. Ke2 Kg3
46. Nd1 f5 47. Nc3 g4 48. fxg4 fxg4 49. Nd5 Kh4 50. e4 Kg5 51. Kf2 Nc4 52. a4
Nd2 53. Nc3 Nc4 54. Kg3 Kf6 55. Kf4 g3 56. Nd5+ Ke6 57. Ne3 Na5 58. Kxg3 Ke5
59. Kf3 Kd4 60. Nd5 Nc6 61. Kf4 Kc5 62. Kf5 Nd4+ 63. Kf6 Nf3 64. Nc3 Kd4 65. a5
Kc5 66. e5 Nd4 67. Kg7 Kc6 68. Kf7 Nf3 69. e6 Ng5+ 70. Kf6 Nxe6 71. Kxe6 Kb7
72. Kd5 Ka6 1/2-1/2